عرض عادي
عرض مارك
- Jacobson, Ivar.
مدخل إسم شخص
001 - رقم الضبط
- حقل الضبط: 36415
003 - معرف رقم الضبط
- حقل الضبط: OSt
005 - تاريخ ووقت أخر عملية
- حقل الضبط: 20130804162151.0
008 - عناصر بيانات ثابتة الطول
- حقل تحكم ثابت الطول: 130804|||a|||||| | ||| d
040 ## - مصدر الفهرسة
- هيئة الفهرسة الأصلية: OSt
- وكالة الكتابة: OSt
100 ## - مدخل -- أسم شخص
- إسم شخص: Jacobson, Ivar.
670 ## - بيانات المصدر موجوده
- الاستشهاد بالمصدر: Work cat.: (OSt)0: Rumbaugh, James. 36413, The unified modeling language reference manual /, c2005.
